[Event "BUL-chT-B 62nd"]
[Site "Sunny Beach"]
[Date "2012.09.20"]
[Round "2.5"]
[White "Ivanov, Ivelin Ivanov"]
[Black "Marholev, Dimitar"]
[Result "0-1"]
[WhiteElo "1921"]
[BlackElo "2340"]
[PlyCount "89"]
[EventDate "2012.09.19"]
[EventType "team-swiss"]
[EventRounds "7"]
[EventCountry "BUL"]
[SourceTitle "CBM 150 Extra"]
[Source "ChessBase"]
[SourceDate "2012.10.19"]
[SourceVersion "1"]
[SourceVersionDate "2012.10.19"]
[SourceQuality "1"]
[WhiteTeam "Shumen 2005"]
[BlackTeam "Dupnitsa Marek Union"]
[WhiteTeamCountry "BUL"]
[BlackTeamCountry "BUL"]

1. d4 Nf6 2. Nf3 g6 3. Bf4 Bg7 4. h3 0-0 5. e3 c5 6. c3 d6 7. Be2 b6 8. 0-0 Bb7 9. Nbd2 Nc6 10. Qc2 Rc8 11. dxc5 bxc5 12. Rfd1 Qc7 13. e4 e5 14. Bg5 h6 15. Bxf6 Bxf6 16. Nc4 Rcd8 17. Ne3 Ne7 18. c4 Bg7 19. Nd5 Nxd5 20. cxd5 Qe7 21. Nd2 f5 22. f3 h5 23. Rdc1 Bh6 24. Bd3 Bc8 25. Re1 Bf4 26. Nf1 Qg5 27. Kh1 Bd7 28. Qf2 h4 29. b4 Rc8 30. a4 c4 31. Bc2 Rc7 32. b5 Rb8 33. Reb1 Rc5 34. Rb4 a6 35. b6 a5 36. Rb2 Rb7 37. Qe2 Qd8 38. Ne3 c3 39. Rb3 Rxb6 40. Rxb6 Qxb6 41. exf5 Rc8 42. Ng4 Bxf5 43. Nf6+ Kf7 44. Ne4 Rb8 45. Rb1 0-1